Predictive hydrology : (Record no. 531712)

000 -LEADER
fixed length control field 01233cam a22003494a 4500
001 - CONTROL NUMBER
control field 17012891
003 - CONTROL NUMBER IDENTIFIER
control field NUST
005 - DATE AND TIME OF LATEST TRANSACTION
control field 20191024103430.0
008 - FIXED-LENGTH DATA ELEMENTS--GENERAL INFORMATION
fixed length control field 111020s2012 flua b 001 0 eng
010 ## - LIBRARY OF CONGRESS CONTROL NUMBER
LC control number 2011038912
020 ## - INTERNATIONAL STANDARD BOOK NUMBER
International Standard Book Number 9781578087471 (hardcover : alk. paper)
038 ## - RECORD CONTENT LICENSOR
Staff Name MSOHAIL
040 ## - CATALOGING SOURCE
Original cataloging agency DLC
Transcribing agency DLC
Modifying agency DLC
042 ## - AUTHENTICATION CODE
Authentication code pcc
050 00 - LIBRARY OF CONGRESS CALL NUMBER
Classification number GB2803.2
Item number .M48 2012
082 00 - DEWEY DECIMAL CLASSIFICATION NUMBER
Classification number 551.57
Edition number 23
100 1# - MAIN ENTRY--PERSONAL NAME
Personal name Meylan, Paul.
9 (RLIN) 24658
245 10 - TITLE STATEMENT
Title Predictive hydrology :
Remainder of title a frequency analysis approach /
Statement of responsibility, etc. Paul Meylan, Anne-Catherine Favre, Andre Musy.
260 ## - PUBLICATION, DISTRIBUTION, ETC.
Place of publication, distribution, etc. Boca Raton, FL :
Name of publisher, distributor, etc. CRC Press,
Date of publication, distribution, etc. c2012.
300 ## - PHYSICAL DESCRIPTION
Extent xii, 212 p. :
Other physical details ill. ;
Dimensions 24 cm.
504 ## - BIBLIOGRAPHY, ETC. NOTE
Bibliography, etc. note Includes bibliographical references and index.
650 #0 - SUBJECT ADDED ENTRY--TOPICAL TERM
Topical term or geographic name entry element Hydrometeorology.
9 (RLIN) 24659
650 #0 - SUBJECT ADDED ENTRY--TOPICAL TERM
Topical term or geographic name entry element Hydrology
General subdivision Statistical methods.
9 (RLIN) 24660
650 #0 - SUBJECT ADDED ENTRY--TOPICAL TERM
Topical term or geographic name entry element Frequency curves.
9 (RLIN) 24661
650 #0 - SUBJECT ADDED ENTRY--TOPICAL TERM
Topical term or geographic name entry element Hydrology
General subdivision Mathematical models.
9 (RLIN) 24662
650 #0 - SUBJECT ADDED ENTRY--TOPICAL TERM
Topical term or geographic name entry element Hydrological forecasting.
9 (RLIN) 24663
700 1# - ADDED ENTRY--PERSONAL NAME
Personal name Favre, Anne-Catherine.
9 (RLIN) 24664
700 1# - ADDED ENTRY--PERSONAL NAME
Personal name Musy, A.
9 (RLIN) 24665
906 ## - LOCAL DATA ELEMENT F, LDF (RLIN)
a 7
b cbc
c orignew
d 1
e ecip
f 20
g y-gencatlg
942 ## - ADDED ENTRY ELEMENTS (KOHA)
Source of classification or shelving scheme
Koha item type Book
Holdings
Withdrawn status Lost status Source of classification or shelving scheme Damaged status Not for loan Permanent Location Current Location Date acquired Total Checkouts Full call number Barcode Date last seen Price effective from Koha item type
          School of Civil and Environmental Engineering (SCEE) School of Civil and Environmental Engineering (SCEE) 10/24/2019   551.57 NIT-11644 10/24/2019 10/24/2019 Book
© 2023 Central Library, National University of Sciences and Technology. All Rights Reserved.